Arsenal : les plus gros achats - Statistiques

Statistiques générales
  • Ce quiz a été pris 629 fois
  • Le résultat moyen est 13 sur 17
Statistiques - réponses
Club de départ et Montant Année Joueur % Correct
OL 53M€ 2017 Lacazette
96%
LOSC 80M€ 2019 Pépé
96%
Dortmund 63,75M€ 2017 Aubameyang
92%
Real Madrid 47M€ 2013 Ozil
86%
Atletico Madrid 50M€ 2020 Partey
86%
Real Madrid 35M€ 2021 Odegaard
85%
Saint-Étienne 30M€ 2019 Saliba
84%
Brighton 58,5M€ 2021 White
84%
Gladbach 45M€ 2016 Xhaka
75%
LOSC 26M€ 2020 Gabriel
73%
Sheffield United 28M€ 2021 Ramsdale
73%
FC Barcelone 42,5M€ 2014 Sanchez
73%
Celtic Glasgow 27M€ 2019 Tierney
68%
Bayer Leverkusen 25M€ 2018 Leno
53%
FC Valence 41M€ 2016 Mustafi
53%
Sampdoria 28,65M€ 2018 Torreira
48%
Manchester United 34M€ 2017 Mkhitaryan
47%
Aucun quiz correspondant
Distribution des résultats
% des personnes avec chaque résultat
Percentile par nombre de réponses
Votre historique - résultats
Vous n’avez pas pris ce quiz